| 000 | 00545nam a2200181Ia 4500 | ||
|---|---|---|---|
| 003 | GCL | ||
| 008 | 140319s9999 xx 000 0 ara d | ||
| 040 |
_aGCL / _cGCL |
||
| 082 | 0 | 4 |
_a922.1 _bح و |
| 100 | 1 | _aحيدر قفه | |
| 245 | 1 | 0 |
_aوفقيد اخر الداعية الاسلامىالكبير عبدالبديع صقر / _cحيدر قفه |
| 260 |
_a[S.N] : _bمكتبة المنار ، _c1989 |
||
| 300 | _a248 ص | ||
| 490 | _a | ||
| 650 | 0 | 4 | _aالاسلام - دعوة |
| 650 | 0 | 4 | _aعبدالبديع صقر |
| 942 |
_2ddc _cBK |
||
| 999 |
_c54570 _d54570 |
||